000 00669nam a2200229Ia 4500
001 10096
003 GE_BSU
008 181216s||||||||xx |||||||||||||| ||und||
040 _cGE_BSU
080 _a821.353.1–1
100 _aსამადაშვილი,შაქრო
245 _aღია გულით
245 _bლექსები
245 _cრედ.მ.ქოიავა.მხატვ.ნ.ზალიშვილი
260 _aთბილისი
260 _bმერანი
260 _c1970
300 _a79გვ.19სმ.
653 _aლექსები
653 _aღია გულით
942 _cBK
999 _c43368
_d43368